| 000 | 02377cam a2200577Mi 4500 | ||
|---|---|---|---|
| 001 | DIGVELQZ0067 | ||
| 008 | 181010s2017 sp ob 001 0 fre d | ||
| 006 | m o d | ||
| 007 | cr ||||||||||| | ||
| 035 | _a(OCoLC)1056694825 | ||
| 040 |
_aDGITA _beng _erda _epn _cDGITA |
||
| 020 |
_a9788490960912 _q(eBook ; _qpdf) |
||
| 020 |
_a8490960917 _q(eBook ; _qpdf) |
||
| 020 |
_a9788490960929 _q(eBook) |
||
| 020 |
_a8490960925 _q(eBook) |
||
| 020 | _z9788490960905 | ||
| 020 | _z8490960909 | ||
| 041 | 0 |
_afre _beng |
|
| 043 | _ae-sp--- | ||
| 050 | 1 | 4 | _aHN590.A5 ebook |
| 082 | 0 | 4 | _a306.09468 |
| 100 | 1 |
_aChastagnaret, Gérard, _eauthor. |
|
| 245 | 1 | 0 |
_aDe fumées et de sang : _bpollution minière et massacre de masse en Andalousie au XIXe siècle / _cGérard Chastagnaret. |
| 264 | 1 |
_aMadrid, España : _bCasa de Velázquez, _c[2017] |
|
| 300 | _a1 online resource. | ||
| 336 |
_atext _btxt _2rdacontent |
||
| 337 |
_acomputer _bc _2rdamedia |
||
| 338 |
_aonline resource _bcr _2rdacarrier |
||
| 347 |
_atext file _2rdaft |
||
| 347 | _bPDF | ||
| 490 | 1 |
_aBibliothèque de la Casa de Velázquez, _x0213-9758 ; _vvolume 69 |
|
| 504 | _aIncludes bibliographical references and index. | ||
| 546 | _aSummary in English and French. | ||
| 588 | 0 | _aOnline resource; title from PDF title page (Digitalia, viewed October 18, 2018). | |
| 610 | 2 | 0 |
_aRio Tinto Company _xHistory. |
| 650 | 0 |
_aPollution _zSpain _zAndalusia _xHistory _y19th century. |
|
| 650 | 0 |
_aMineral industries _xEnvironmental aspects _zSpain _zAndalusia _xHistory _y19th century. |
|
| 650 | 0 |
_aMassacres _zSpain _zAndalusia _xHistory _y19th century. |
|
| 650 | 0 |
_aDemonstrations _zSpain _zAndalusia _xHistory _y19th century. |
|
| 650 | 0 |
_aSocial conflict _zSpain _zAndalusia _y19th century. |
|
| 651 | 0 |
_aSpain _xPolitics and government _y1886-1931. |
|
| 651 | 0 |
_aAndalusia (Spain) _xHistory _y19th century. |
|
| 655 | 0 | _aElectronic books. | |
| 791 | 2 |
_aDigitalia (Firm), _edistributor. |
|
| 793 | 0 |
_gDigitalia eBook Collection: _aCasa de Velázquez |
|
| 776 | 0 | 8 |
_iPrint version: _aChastagnaret, Gérard. _tDe fumées et de sang. _dMadrid : Casa de Velázquez, 2017 _z9788490960905 _w(OCoLC)991613159 |
| 830 | 0 |
_aBibliothèque de la Casa de Velázquez ; _v69. |
|
| 856 | 4 | 0 |
_3Digitalia Hispánica _uhttps://www.digitaliapublishing.com/a/50808/ |
| 910 | _aPremium Collection: 2019 | ||
| 942 | _cRAA | ||
| 999 |
_c251983 _d251983 |
||